Die Arbeit des Landesverbandes für Unterwasserarchäologie Mecklenburg-Vorpommern e. V.
| Titel: | Die Arbeit des Landesverbandes für Unterwasserarchäologie Mecklenburg-Vorpommern e. V. |
|---|---|
| Verfasser: | |
| In: |
Schutz des Kulturerbes unter Wasser, (2000), Seite 543-546 alle Artikel anzeigen |
| Veröffentlicht: | 2000 |
| Format: | Aufsatz |
| Sprache: | Deutsch |
X
alg: 39160451 001A $01999:11-11-16 001B $01999:29-03-21 $t21:45:32.000 001D $01999:11-11-16 001U $0utf8 001X $00 002@ $0Aox 003@ $0391604511 007A $0391604511 $aHEB 007T $0Herd35926 010@ $ager 011@ $a2000 021A $aDie @Arbeit des Landesverbandes für Unterwasserarchäologie Mecklenburg-Vorpommern e. V. 028A $aAuer $dJens 031A $h543-546 $j2000 037A $aengl. Res., 545 039B $aIn $8--Aau--. Schutz des Kulturerbes unter Wasser. - Lübstorf : Archäologisches Landesmuseum Mecklenburg-Vorpommern, 2000. - 623 S.. - zahlr. Ill., graph. Darst., Kt. $x200000000000000457 $9098534580 045F $a930.10943816 $eDDC23BSB 045F/01 $a930.1 045F/03 $g43816 lok: 39160451 78 exp: 39160451 78 1 #EPN 201B/01 $019-04-17 $t10:17:49.000 201U/01 $0utf8 203@/01 $0787698849 208@/01 $a11-11-16 $be 209A/01 $a/ $f000 $x00 220C/01 $aTitelaufnehmer: cs 244Z/01 $2Trx $#Pomeranija $#Pommern $#Pomoransko $#Pomořansko $#Hinterpommern;Vorpommern;Mittelpommern $#Pomorze Środkowe;Pomorze Przednie $#Pomořansko;Západní Pomořany; Pomořany $8--Trx--Pomorze Zachodnie $x01 $9391303775 244Z/01 $aGeschichte 1982-1999 $x02 244Z/01 $2Trx $#arheoloogia põhjavesi $#povandeninė archeologija $#archaeology underwater $#régészet vízalatt $#archeologia podwodna $#archeológia podmorská $#archeologie podmořská $8--Trx--Archäologie$gUnterwasser $x03 $939137527X 244Z/01 $2Trx $#ühingud, teaduslikud $#mokslo draugijos $#Associations, scholarly $#társaságok, tudományos $#towarzystwa naukowe $#spoločnosti vedecké $#společnosti vědecké $#Vereine, wissenschaftliche $8--Trx--Gesellschaften, wissenschaftliche $x04 $9391359738 244Z/01 $2Trx $8--Trx--Einzelbeiträge $x05 $9391384570 245Z/01 $a05.01 $x01 247C/01 $82080>Marburg/Lahn, Herder-Institut, Forschungsbibliothek, Bibliographieportal $9336309341
| LEADER | 00000caa a22000002c 4500 | ||
|---|---|---|---|
| 001 | 391604511 | ||
| 003 | DE-603 | ||
| 005 | 20210329214532.0 | ||
| 007 | tu | ||
| 008 | 161111s2000 xx |||| | u00||u|ger c | ||
| 035 | |a (DE-599)HEB391604511 | ||
| 040 | |a DE-603 |b ger |c DE-603 |d DE-603 | ||
| 041 | |a ger | ||
| 082 | 0 | 4 | |8 1\u |a 930.10943816 |q DE-101 |2 23/BSB |
| 085 | |8 1\u |b 930.1 | ||
| 085 | |8 1\u |z 2 |s 43816 | ||
| 100 | 1 | |a Auer, Jens | |
| 245 | 0 | 0 | |a Die Arbeit des Landesverbandes für Unterwasserarchäologie Mecklenburg-Vorpommern e. V. |
| 264 | 0 | |c 2000 | |
| 500 | |a engl. Res., 545 | ||
| 773 | 0 | 8 | |i In |t Schutz des Kulturerbes unter Wasser |d Lübstorf : Archäologisches Landesmuseum Mecklenburg-Vorpommern, 2000 |h 623 S., zahlr. Ill., graph. Darst., Kt. |g (2000), Seite 543-546 |w (DE-603)098534580 |
| 924 | 0 | |9 2080 |a (DE-603)787698849 |b DE-2080 |c HES |d d |g / | |


